Datum a čas kvízu
18
Celkem bodů
Celkový počet nahraných bodů na tomto kvízu bez doplňovacích otázek.
6.
Pořadí na kvízu
Konečné umístění týmu na tomto kvízu.
Zaznamenané odpovědi
| # | Otázka | Odpověď | Body | Výsledky |
|---|---|---|---|---|
| 1. | Minulý pátek v 18 hodin se po... | 0 | ||
| 2. | Americká Federální komise pro... | 1 | ||
| 3. | V nové české komedii s Jiřím L... | 1 | ||
| 4. | Společnost Coca-Cola je první... | 0 | ||
| 5. | Mnozí máme v paměti první ročn... | 1 | ||
| 5. | Určitě si vybavíte, jak vypadá... | 0 | ||
| 5. | Opel je součástí skupiny Group... | 0 | ||
| 5. | Jak se jmenovala značka, která... | 0 | ||
| 5. | O Ferdinandovi Porsche, zaklad... | 0 | ||
| 5. | Díváme se na legendární užitko... | 0 |